000 00484nam a2200241Ia 4500
001 068128
003 YMCAF
005 20230512160502.0
008 100717s1971 ||||||||||||||||| ||und|d
020 _a-
024 _a68128
035 _a7591
040 _aYMCAF
_beng
_cIN-KoLT
041 _aeng
100 _aISI
245 0 _aSELF CONTAINED DRINKING WATER COOLERS
250 _a-
260 _b-
_c1971
300 _a15
653 _a-
653 _a-
942 _2ddc
_cBK
999 _c4840
_d4840